Akumulace kapitálu a zbídačování proletariátu /

Hlavní autor: Bregel‘, Ènoch Jakovlevič, 1903-1992
Jazyk: Čeština
Vydáno: Praha : Státní nakladatelství politické literatury, 1957
Vydání: 1. vyd.
Edice: Velká knihovna politické ekonomie (Státní nakladatelství politické literatury)
Externí odkaz: Digitalizovaný dokument
Fyzický popis: 173 s. ; 8°
Knihy
Uloženo v:
LEADER 01173nam a22002892a 4500
001 001181530
003 CZ BrMZK
005 20160801135224.0
007 ta
008 111121s1957 xr er|||||||||||cze d
015 |a cnb000728532 
035 |a (OCoLC)85700831 
040 |a ABA001  |b cze  |c CBA001  |d ABA001 
041 1 |a cze  |h rus 
100 1 |a Bregel‘, Ènoch Jakovlevič,  |d 1903-1992  |7 jx20040720176  |4 aut 
245 1 0 |a Akumulace kapitálu a zbídačování proletariátu /  |c Enoch Jakovlevič Bregel' 
250 |a 1. vyd. 
260 |a Praha :  |b Státní nakladatelství politické literatury,  |c 1957 
300 |a 173 s. ;  |c 8° 
490 1 |a Velká knihovna politické ekonomie ;  |v sv. 37 
500 |a Dostupné též v digitální podobě v aplikaci Kramerius 
830 0 |a Velká knihovna politické ekonomie (Státní nakladatelství politické literatury)  |0 s 
856 4 1 |u http://www.digitalniknihovna.cz/mzk/uuid/uuid:e72080e0-39bd-11e9-8687-005056827e52  |y Digitalizovaný dokument  |x NDK 
910 |a BOA001  |b 2-0390.998  |b TK-0072.923 
990 |a BK 
991 |b 201410 
996 6 |b 2619132061  |c 2-0390.998  |l MZK  |r Sklad / do 24 hodin  |n 0  |w 001215070  |u 000020  |a 1  |e BOA001  |j MZK50  |s P